01021 2200241 4500001002100000005001500021035002000036008004100056245005600097100002300153260003900176300002300215020002200238084001400260520042500274082000800699650001300707650002000720863000600740990001100746990001100757990001100768INLIS00000000001077220220531025443 a0010-0721006031220531 g 0 ind 1 aBikin Kerja Excel Makin Ampuh /cPerdanawati, Terry1 aPutra, Roy Chandra aYogyakarta :bNew Diglossia,c2010 a316 hlm. ;c22 cm. a978-979-17099-9-2 a005 OUT b aExcel bukan program yang asing bagi kita semua.Sebagian besar orang yang bekerja dengan komputerpasti menggunakan Excel dalam kesehariannya. Apakahitu juga termasuk Anda?Tapi jangan buru-buru menyebut diri Anda jagoan Excelkalau belum membaca buku ini. Buku ini akanmengajarkan Anda jurus-jurus yang akan membuat Excellebih ampuh dan Anda pun akan menjadi jagoan Exceldalam sekejap. Jadi, sudah siapkan Anda jadi jagoan? a005 4aKomputer 4aMicrosoft Excel a1 a054944 a054945 a054945